Countries With Bears - Statistics

General Stats
  • This quiz has been taken 28 times
  • The average score is 59 of 69
Answer Stats
Hint Answer % Correct
Ursus Maritimus: Polar bearUrsus americanus vancouveri: Vancouver Island black bear Ursus americanus kermodei: Kermode bear Ursus americanus hamiltoni: Newfoundland black bear Ursus americanus americanus: Eastern black bear Ursus americanus altifrontalis: Olympic black bear Ursus arctos horribilis: Grizzly bear Ursus arctos stikeenensis: Stickeen brown bear Canada
100%
Ursus arctos pyrenaicus: Cantabrian brown bear France
96%
Ursus thibetanus gedrosianus: Baluchistan black bearUrsus thibetanus laniger: Himalayan black bear Ursus arctos isabellinus: Himalayan brown bear Ursus arctos syriacus: Syrian brown bear Pakistan
96%
Ursus Maritimus: Polar bearUrsus thibetanus ussuricus: Ussuri black bear Ursus arctos arctos: Eurasian brown bear Ursus arctos beringianus: Kamchatka brown bear Ursus arctos collaris: East Siberian borwn bear Ursus arctos lasiotus: Ussuri brown bear Russia
96%
Ursus arctos syriacus: Syrian brown bear Afghanistan
91%
Ursus thibetanus laniger: Himalayan black bearUrsus thibetanus ussuricus: Ussuri black bear Helarctos malayanus malayanus: Malayan sun bear Ailuropoda melanoleuca melanoleuca: Giant panda Ailuropoda melanoleuca qinlingensis: Qingling panda Ursus arctos lasiotus: Ussuri brown bear Ursus arctos pruinosus: Tibetan blue bear China
91%
Ursus arctos arctos: Eurasian brown bear Finland
91%
Ursus arctos syriacus: Syrian brown bear Georgia
91%
Ursus thibetanus laniger: Himalayan black bearUrsus thibetanus thibetanus Cuvier: Tibetan black bear Helarctos malayanus malayanus: Malayan sun bear Melursus ursinus ursinus: Indian sloth bear Ursus arctos isabellinus: Himalayan brown bear India
91%
Helarctos malayanus malayanus: Malayan sun bearHelarctos malayanus euryspilus: Bornean sun bear Indonesia
91%
Ursus thibetanus gedrosianus: Baluchistan black bearUrsus arctos syriacus: Syrian brown bear Iran
91%
Ursus arctos syriacus: Syrian brown bear Iraq
91%
Ursus arctos arctos: Eurasian brown bearUrsus arctos marsicanus: Marsican brown bear Italy
91%
Ursus thibetanus japonicus: Japanese black bearUrsus arctos lasiotus: Ussuri brown bear Japan
91%
Ursus americanus machetes: West Mexican black bearUrsus americanus eremicus: East Mexican black bear Ursus americanus amblyceps: New Mexico black bear Mexico
91%
Ursus thibetanus laniger: Himalayan black bearUrsus thibetanus thibetanus Cuvier: Tibetan black bear Melursus ursinus ursinus: Indian sloth bear Ursus arctos isabellinus: Himalayan brown bear Nepal
91%
Ursus arctos arctos: Eurasian brown bear Sweden
91%
Ursus arctos syriacus: Syrian brown bear Turkey
91%
Ursus Maritimus: Polar BearUrsus americanus pugnax: Dull Island black bear Ursus americanus pernige: Kenai black bear Ursus americanus luteolus: Louisiana black bear Ursus americanus floridanus: Florida black bear Ursus americanus eremicus: East Mexican black bear Ursus americanus emmonsii: Glacier bear Ursus americanus cinnamomum: Cinnamon bear Ursus americanus carlottae: Queen Charlotte Islands black bear Ursus americanus californiensis: California black bear Ursus americanus americanus: Eastern black bear Ursus americanus amblyceps: New Mexico black bear Ursus americanus altifrontalis: Olympic black bear Ursus arctos horribilis: Grizzly bear Ursus arctos dalli: Dall island brown bear Ursus arctos gyas: Alaska peninsula brown bear Ursus arctos middendorffi: Kodiak bear Ursus arctos sitkensis: Sitka brown bear United States
91%
Ursus thibetanus mupinensis: Indochinese black bearUrsus thibetanus thibetanus Cuvier: Tibetan black bear Helarctos malayanus malayanus: Malayan sun bear Vietnam
91%
Ursus arctos arctos: Eurasian brown bear Albania
87%
Ursus arctos syriacus: Syrian brown bear Armenia
87%
Ursus arctos syriacus: Syrian brown bear Azerbaijan
87%
Ursus arctos arctos: Eurasian brown bear Belarus
87%
Ursus thibetanus laniger: Himalayan black bear Bhutan
87%
Ursus thibetanus mupinensis: Indochinese black bearHelarctos malayanus malayanus: Malayan sun bear Cambodia
87%
Ursus arctos arctos: Eurasian brown bearUrsus arctos collaris: East Siberian borwn bear Ursus arctos syriacus: Syrian brown bear Kazakhstan
87%
Ursus arctos arctos: Eurasian brown bear Latvia
87%
Helarctos malayanus malayanus: Malayan sun bear Helarctos malayanus euryspilus: Bornean sun bear Malaysia
87%
Ursus arctos collaris: East Siberian borwn bearUrsus arctos gobiensis: Gobi bear Mongolia
87%
Ursus Maritimus: Polar bearUrsus arctos arctos: Eurasian brown bear Norway
87%
Ursus arctos arctos: Eurasian brown bear Poland
87%
Ursus arctos arctos: Eurasian brown bear Serbia
87%
Ursus arctos arctos: Eurasian brown bear Slovakia
87%
Ursus arctos pyrenaicus: Cantabrian brown bear Spain
87%
Ursus arctos syriacus: Syrian brown bear Tajikistan
87%
Ursus thibetanus mupinensis: Indochinese black bearUrsus thibetanus thibetanus Cuvier: Tibetan black bear Helarctos malayanus malayanus: Malayan sun bear Thailand
87%
Ursus arctos arctos: Eurasian brown bear Bosnia and Herzegovina
83%
Ursus arctos arctos: Eurasian brown bear Bulgaria
83%
Ursus ornatus Cuvier: Spectacled bear Colombia
83%
Ursus arctos arctos: Eurasian brown bear Czechia
83%
Ursus Maritimus: Polar bear Denmark
83%
Ursus ornatus Cuvier: Spectacled bear Ecuador
83%
Ursus arctos arctos: Eurasian brown bear Estonia
83%
Ursus arctos arctos: Eurasian brown bear Greece
83%
Ursus arctos arctos: Eurasian brown bear Hungary
83%
Ursus arctos syriacus: Syrian brown bear Kyrgyzstan
83%
Ursus thibetanus mupinensis: Indochinese black bearHelarctos malayanus malayanus: Malayan sun bear Laos
83%
Ursus arctos arctos: Eurasian brown bear Lithuania
83%
Ursus thibetanus mupinensis: Indochinese black bear Ursus thibetanus thibetanus Cuvier: Tibetan black bearHelarctos malayanus malayanus: Malayan sun bear Myanmar
83%
Ursus ornatus Cuvier: Spectacled bear Peru
83%
Ursus arctos arctos: Eurasian brown bear Romania
83%
Ursus arctos arctos: Eurasian brown bear Slovenia
83%
Ursus thibetanus ussuricus: Ussuri black bear South Korea
83%
Melursus ursinus inornatus: Sri Lankan sloth bear Sri Lanka
83%
Ursus arctos syriacus: Syrian brown bear Uzbekistan
83%
Ursus arctos arctos: Eurasian brown bear Austria
78%
Helarctos malayanus malayanus: Malayan sun bear Bangladesh
78%
Ursus arctos arctos: Eurasian brown bear Croatia
78%
Ursus arctos arctos: Eurasian brown bear Montenegro
78%
Ursus thibetanus ussuricus: Ussuri black bearUrsus arctos lasiotus: Ussuri brown bear North Korea
78%
Ursus arctos arctos: Eurasian brown bear Switzerland
78%
Ursus thibetanus formosanus: Formosan black bear Taiwan
78%
Ursus arctos arctos: Eurasian brown bear Ukraine
78%
Ursus ornatus Cuvier: Spectacled bear Venezuela
78%
Ursus arctos arctos: Eurasian brown bear Kosovo
74%
Ursus arctos arctos: Eurasian brown bear North Macedonia
74%
Ursus ornatus Cuvier: Spectacled bear Bolivia
70%
Ursus arctos syriacus: Syrian brown bear Lebanon
65%
No matching quizzes found
Score Distribution
Percent of People with Each Score
Percentile by Number Answered
Your Score History
You have not taken this quiz